[Event "Michigan Open Booster"]
[Site "Lansing, MI"]
[Date "2001.09.03"]
[Round "7.13"]
[White "Schoenfeldt, Ben"]
[Black "Stapel, Scott"]
[Result "0-1"]
[WhiteElo "1058"]
[BlackElo "659"]
[PlyCount "48"]
[EventDate "2001.08.31"]

1. d4 f5 2. e4 fxe4 3. Nc3 d5 4. f3 Nf6 5. b3 e6 6. Bf4 Bb4 7. Qd2 Ba3 8. Nb5
Qe7 9. Nxc7+ Kf7 10. Nxa8 b6 11. Nc7 Rf8 12. fxe4 Bb4 13. c3 Nxe4 14. Qc1 Bxc3+
15. Kd1 Bxa1 16. Qxa1 Nf2+ 17. Ke2 Nxh1 18. Nf3 Kg8 19. Qb1 Rxf4 20. g3 Re4+
21. Kd2 Qxc7 22. Ng5 Rxd4+ 23. Ke3 Qc3+ 24. Ke2 Ba6+ 0-1

[Event "Michigan Open Reserve"]
[Site "Lansing, MI"]
[Date "2001.09.03"]
[Round "6.20"]
[White "Saylor, Oliver"]
[Black "Nicolli, Randy"]
[Result "0-1"]
[WhiteElo "1536"]
[BlackElo "1706"]
[PlyCount "74"]
[EventDate "2001.08.31"]

1. e4 d6 2. d4 Nf6 3. Nc3 g6 4. Nf3 Bg7 5. h3 O-O 6. Be3 Nbd7 7. Qd2 c6 8. Bh6
Qc7 9. Bxg7 Kxg7 10. Be2 b5 11. a3 a5 12. O-O Bb7 13. Bd3 b4 14. axb4 axb4 15.
Ne2 c5 16. c3 Nxe4 17. Bxe4 Bxe4 18. Qe3 Qb7 19. Ne1 Rxa1 20. f3 Bc6 21. Qxe7
Bb5 22. cxb4 cxd4 23. Nxd4 Qa7 24. Nec2 Rxf1+ 25. Kh2 Qb7 26. Nxb5 Qxb5 27. Nd4
Qe5+ 28. Qxe5+ Nxe5 29. b5 Nc4 30. b3 Nb6 31. g4 Ra8 32. Kg3 g5 33. Nf5+ Kf6
34. Nxd6 Ra2 35. Ne4+ Kg6 36. h4 Rg1+ 37. Kh3 gxh4 0-1

[Event "Michigan Open"]
[Site "Lansing, MI"]
[Date "2001.09.03"]
[Round "6.4"]
[White "Palmer, Tony"]
[Black "Mankiewicz, Ryan"]
[Result "1-0"]
[WhiteElo "2051"]
[BlackElo "2095"]
[PlyCount "98"]
[EventDate "2001.08.31"]

1. e4 d6 2. d4 Nf6 3. Nc3 g6 4. f4 Bg7 5. Nf3 c5 6. dxc5 Qa5 7. Bd3 Qxc5 8. Qe2
O-O 9. Be3 Qa5 10. O-O Bg4 11. h3 Bxf3 12. Qxf3 Nc6 13. g4 Nd7 14. Qf2 a6 15.
Rfd1 b5 16. e5 b4 17. Be4 Rac8 18. Nd5 Nc5 19. Bf3 Rfe8 20. a3 b3 21. Bxc5 bxc2
22. Qxc2 dxc5 23. Rac1 Nd4 24. Rxd4 cxd4 25. Nxe7+ Rxe7 26. Qxc8+ Bf8 27. Qc2
Kg7 28. Qd3 Qb6 29. b4 Rd7 30. Rc6 Qb5 31. Be4 Qxd3 32. Bxd3 a5 33. bxa5 Bxa3
34. a6 Ra7 35. Kf2 Kf8 36. Kf3 Ke7 37. Ke4 Rd7 38. Rc4 Bb2 39. Rb4 Ba3 40. Rxd4
Ra7 41. Rd5 Bc1 42. Rb5 Kd7 43. Rb8 Bd2 44. Rh8 Be1 45. Rxh7 Ke8 46. Bb5+ Kd8
47. Rh8+ Kc7 48. Rf8 Kb6 49. Bc4 Re7 1-0

[Event "Michigan Open Reserve"]
[Site "Lansing, MI"]
[Date "2001.09.03"]
[Round "7.14"]
[White "Nicolli, Randy"]
[Black "Mose, Greg"]
[Result "0-1"]
[WhiteElo "1706"]
[BlackElo "1500"]
[PlyCount "86"]
[EventDate "2001.08.31"]

1. f4 e5 2. fxe5 d6 3. exd6 Bxd6 4. Nf3 Bg4 5. e4 Bxf3 6. Qxf3 Qh4+ 7. g3 Qe7
8. d4 Nc6 9. Bb5 Nf6 10. Bxc6+ bxc6 11. e5 Nd5 12. O-O Bb4 13. c4 Nb6 14. Qxc6+
Qd7 15. Qxd7+ Nxd7 16. b3 Nxe5 17. dxe5 Bc5+ 18. Rf2 Bxf2+ 19. Kxf2 O-O 20. Bb2
Rad8 21. Ke2 Rfe8 22. Nd2 f6 23. Nf3 Rd7 24. Kf2 fxe5 25. Bxe5 Rde7 26. Re1 Rf7
27. Kg2 Rfe7 28. a4 g5 29. g4 h6 30. b4 Re6 31. Bc3 Rxe1 32. Bxe1 Re4 33. c5
Rxg4+ 34. Kf2 Re4 35. Bd2 Kf8 36. Ne1 Ke7 37. Nc2 Kd7 38. Kf3 Rh4 39. Kg3 a5
40. bxa5 Rxa4 41. Ne3 Ra2 42. Bc3 Ra3 43. Bd4 Rd3 0-1

[Event "Michigan Open"]
[Site "Lansing, MI"]
[Date "2001.09.03"]
[Round "7.17"]
[White "Morris, Jewell"]
[Black "McIntosh, Shawn"]
[Result "0-1"]
[WhiteElo "1853"]
[BlackElo "1845"]
[Annotator "Don Vandivier"]
[PlyCount "64"]
[EventDate "2001.08.31"]

{French: Closed Tarrasch} 1. d4 e6 2. e4 d5 3. Nd2 Nf6 4. e5 Nfd7 5. c3 c5 6.
Nb3 {The book moves are: 6.Ngf3, 6. Ndf3, 6.f4, and 6.Bd3} cxd4 7. cxd4 Nc6 8.
Qg4 $2 {White can play 8.f4 or 8.Nf3 I do not see any reason to play Qg4 since
black has not moved his bishop - the queen attacks nothing.} Nb4 {Makes the
Qg4 move look pretty bad.} 9. Qd1 Nc6 $6 {And now it's black who falters. 9...
Qc7 gave black the iniative,} 10. a3 Qb6 11. Nf3 a5 12. Qd3 a4 13. Nbd2 f6 14.
Qb5 {Another imprecise move. White overlooks that his pawn is hanging.} Nxd4 {
after 15.Qxb6, black would play Nxf3+ and then recapture the queen.} 15. Nxd4
Qxd4 16. exf6 Qxf6 $6 (16... Bc5 $1 {gives White a lot more problems.}) 17. Bd3
Bd6 18. Nf3 Qd8 19. Bd2 O-O {DIAGRAM!} 20. Bxh7+ $2 {What's this? The greek
sacrifice trying to checkmate doesn't work in all positions. This is one of
them.} Kxh7 21. Qd3+ Kg8 22. Ng5 Nf6 23. h4 e5 24. Qg6 Qe8 25. Qc2 Ra6 26. h5
Ne4 $6 {After the simple 26...e4 Fritz says black is ahead by 3.84 points.} 27.
Nxe4 dxe4 28. Qxe4 Qc6 29. Qg6 Bc5 30. Qg5 $6 {I do not understand this move,
but it makes little difference as white was lost anyways.} Bxf2+ 31. Kd1 Qe4
32. Qe7 Bg4+ {With mate in 3.} 0-1

[Event "Michigan Open Reserve"]
[Site "Lansing, MI"]
[Date "2001.09.03"]
[Round "7.21"]
[White "Moroney, Danielle"]
[Black "Wright, Eric"]
[Result "0-1"]
[WhiteElo "645"]
[BlackElo "1448"]
[PlyCount "90"]
[EventDate "2001.08.31"]

1. e4 d6 2. Nf3 Nf6 3. Nc3 c6 4. d4 Qa5 5. Bd3 e5 6. O-O Bg4 7. Be2 Bxf3 8.
Bxf3 exd4 9. Qxd4 Qe5 10. Qxe5+ dxe5 11. Be3 Nbd7 12. Rfd1 Bb4 13. Rd3 Bc5 14.
Bxc5 Nxc5 15. Rd6 Ke7 16. Rd2 Rad8 17. Rad1 Rxd2 18. Rxd2 Rd8 19. Rxd8 Kxd8 20.
h3 a5 21. b3 b5 22. a3 b4 23. axb4 axb4 24. Na2 Nfxe4 25. Nxb4 Kc7 26. Nd3 Kd6
27. b4 Nxd3 28. cxd3 Nc3 29. Kf1 Na2 30. Ke2 Nxb4 31. Ke3 f5 32. g4 Nc2+ 33.
Ke2 Nd4+ 34. Ke3 f4+ 35. Ke4 Nxf3 36. Kxf3 Kd5 37. Ke2 e4 38. dxe4+ Kxe4 39.
f3+ Kd4 40. h4 c5 41. Kd2 c4 42. Kc2 Ke3 43. Kc3 Kxf3 44. Kxc4 Ke3 45. g5 f3
0-1

[Event "Michigan Open Booster"]
[Site "Lansing, MI"]
[Date "2001.09.03"]
[Round "7.12"]
[White "Moran, Matt"]
[Black "Welch, Eric"]
[Result "0-1"]
[WhiteElo "780"]
[BlackElo "1079"]
[PlyCount "88"]
[EventDate "2001.08.31"]

1. Nf3 d6 2. g3 e5 3. d3 Bg4 4. Bg2 Nc6 5. O-O Bxf3 6. Bxf3 Qd7 7. c4 Nd4 8.
Bg2 Nf6 9. Nc3 c6 10. Bg5 Be7 11. Rb1 d5 12. b3 h6 13. Bxf6 Bxf6 14. Rb2 Qe6
15. cxd5 cxd5 16. Bxd5 Qd7 17. Bg2 O-O 18. Qc1 Rac8 19. Qe1 Be7 20. Nd5 Ba3 21.
Rb1 Rc2 22. Nb4 Bxb4 23. Qxb4 Qc7 24. Bxb7 Qb6 25. Qe7 Rb8 26. Bd5 Rf8 27. Qxe5
Rxa2 28. e3 Ne2+ 29. Kh1 Rc8 30. Qe7 Qf6 31. Qe4 Nc3 32. Qd4 Nxb1 33. Qxf6 gxf6
34. Rxb1 Rcc2 35. b4 Ra3 36. Kg2 Rxd3 37. Bb3 Rcc3 38. Bd1 f5 39. b5 Kg7 40.
Kf3 Rd2 41. Be2 Rcc2 42. Re1 Kf6 43. h3 h5 44. Bd1 Rxf2# 0-1

[Event "Michigan Open Booster"]
[Site "Lansing, MI"]
[Date "2001.09.03"]
[Round "7.11"]
[White "Mitchell, Dave"]
[Black "Dyer, Rosanna"]
[Result "0-1"]
[WhiteElo "1295"]
[BlackElo "987"]
[Annotator "Bob Ciaffone"]
[PlyCount "46"]
[EventDate "2001.08.31"]

{Philidor: Exchange The opening is played passively by black, but white fails
to take advantage properly. A couple of ill-advised exchanges by white
activates sleeping black pieces. The result is black nicely executes an attack
on the white king with a mobilized army.} 1. e4 e5 2. Nf3 d6 {This rare
opening is the Philodor Defense. It is looked down on as needlessly passive,
because black has shut in his king-bishop without necessity. However, it is
not easy to gain a decent-size advantage against it.} 3. d4 {The correct way
for white to proceed, gaining an advantage in the center.} exd4 4. Nxd4 Be7 5.
Bd3 $6 {5. Bc4 would be more active, aimed at the enemy instead of defending a
pawn not under attack.} Bd7 {Black does not look for active bishop employment
either.} 6. O-O Nc6 7. Be3 Bf6 8. c3 Nge7 9. Nd2 O-O 10. N2f3 $2 {Blocking the
f-pawn deprives white of his main active idea in the position, the pawn
advance f4.} Ng6 11. Re1 Re8 12. a4 $6 {12.Qd2 looks better.} Be5 $6 {Putting
a knight on this square is more natural. Now white can gain the bishop-pair.}
13. Nxc6 $6 {White by this exchange activates black's passive Bd7.} Bxc6 14.
Bg5 Bf6 15. Bxf6 $6 {15.Qd2 would not activate the black queen like the
game-line does.} Qxf6 {Black stands better. She has a target in the e4 pawn.
Her bishop attacks, white's defends. And the f4 square is a weakness for white.
} 16. Qd2 h6 $1 {A good move, preventing the white lady from going to g5 and
trading queens. An attacker wants to keep the queens on the board.} 17. b4 Re7
18. b5 Bd7 19. h3 Rae8 20. Re3 Nf4 $1 {The white position on the king-side is
now under great pressure.} 21. Nh2 $2 {White wants to make room for his rook
to go to the king-side, but he has missed something highly important.} Qg5 $1 {
Threatening mate on g2. White must lose material, as 22.Bf1 drops the e-pawn,
with plenty more losses for white to come.} 22. Rg3 $4 {This was white's idea,
but he has overlooked the fact that his queen is undefended. DIAGRAM Black to
win} Nxh3+ $1 {A check that also puts a discovered attack on the undefended
white queen.} 23. gxh3 Qxd2 {Black played a passive opening, but came to life
nicely when given the opportunity.} 0-1

[Event "Michigan Open"]
[Site "Lansing, MI"]
[Date "2001.09.03"]
[Round "6.15"]
[White "McIntosh, Shawn"]
[Black "Baze, Lineas"]
[Result "0-1"]
[WhiteElo "1845"]
[BlackElo "2000"]
[PlyCount "62"]
[EventDate "2001.08.31"]

1. e4 c5 2. Nf3 Nc6 3. Bb5 g6 4. O-O Bg7 5. c3 d5 6. Qa4 Qd7 7. exd5 Qxd5 8.
Bxc6+ Qxc6 9. Qxc6+ bxc6 10. d4 cxd4 11. Nxd4 Bd7 12. Be3 Nf6 13. Nf3 Nd5 14.
Bd4 f6 15. Nbd2 Kf7 16. Ne4 Rhb8 17. c4 Nf4 18. Nc5 Bc8 19. Rfe1 e5 20. Bc3 Bf8
21. Ne4 Nd3 22. Nxf6 Kxf6 23. Nxe5 Nxe1 24. Nxc6+ Kf7 25. Nxb8 Nxg2 26. Kxg2
Rxb8 27. b3 Bb7+ 28. f3 Rd8 29. Ba5 Rd3 30. Rf1 Bc5 31. a4 Rxb3 0-1

[Event "Michigan Open Reserve"]
[Site "Lansing, MI"]
[Date "2001.09.03"]
[Round "7.5"]
[White "Matias, I.C."]
[Black "Cox, Nick"]
[Result "1-0"]
[WhiteElo "1606"]
[BlackElo "1393"]
[PlyCount "55"]
[EventDate "2001.08.31"]

1. e4 c5 2. Ne2 Nc6 3. g3 Nf6 4. Nbc3 g6 5. Bg2 Bg7 6. d3 O-O 7. O-O d6 8. h3
Be6 9. Be3 Qc8 10. Kh2 Rd8 11. Nd5 Bd7 12. c3 e6 13. Nxf6+ Bxf6 14. Rc1 Qc7 15.
d4 cxd4 16. cxd4 Qa5 17. a3 Rac8 18. f4 e5 19. fxe5 dxe5 20. Rxf6 exd4 21. Nxd4
Be6 22. Qg1 Nxd4 23. Rxc8 Rxc8 24. Bxd4 Qd2 25. Bc3 Qg5 26. Qd4 Kf8 27. Rxe6
Rxc3 28. Qh8# 1-0

[Event "Michigan Open"]
[Site "Lansing, MI"]
[Date "2001.09.03"]
[Round "6.18"]
[White "Manion, Tom"]
[Black "Hankinson, Chris"]
[Result "1/2-1/2"]
[WhiteElo "1818"]
[BlackElo "2072"]
[PlyCount "41"]
[EventDate "2001.08.31"]

1. Nf3 g6 2. g3 f5 3. Bg2 Bg7 4. d3 Nf6 5. c4 d6 6. Nc3 O-O 7. O-O c6 8. Rb1 h6
9. b4 e5 10. c5 e4 11. dxe4 Nxe4 12. Nxe4 fxe4 13. Nh4 g5 14. Ng6 Rf6 15. Bxe4
Bh3 16. cxd6 Rxd6 17. Qb3+ Be6 18. Qc2 Qe8 19. Qc5 Bh3 20. Qc4+ Be6 21. Qc5
1/2-1/2

[Event "Michigan Open Booster"]
[Site "Lansing, MI"]
[Date "2001.09.03"]
[Round "6.3"]
[White "Mahaffy, Mike"]
[Black "Finegold, Spencer"]
[Result "1-0"]
[WhiteElo "1137"]
[BlackElo "1258"]
[PlyCount "53"]
[EventDate "2001.08.31"]

1. e4 c5 2. f4 Nc6 3. Nf3 e6 4. Bb5 d5 5. exd5 exd5 6. O-O Be6 7. d3 Be7 8. Ne5
c4 9. Kh1 Qb6 10. Bxc6+ bxc6 11. f5 Bc8 12. dxc4 Ba6 13. b3 Bc5 14. Ba3 Bd4 15.
Nxf7 Kxf7 16. Qh5+ Kf6 17. g4 c5 18. g5+ Ke7 19. Re1+ Kd7 20. Qf7+ Ne7 21.
Rxe7+ Kc8 22. c3 dxc4 23. cxd4 cxb3 24. Re6 Qb5 25. Nc3 Qd3 26. Rc6+ Kb8 27.
Qc7# 1-0

[Event "Michigan Open Reserve"]
[Site "Lansing, MI"]
[Date "2001.09.03"]
[Round "7.6"]
[White "Lynem, Charles"]
[Black "Kieliszewski, Greg"]
[Result "1-0"]
[WhiteElo "1585"]
[BlackElo "1394"]
[PlyCount "65"]
[EventDate "2001.08.31"]

1. d4 d5 2. Nf3 e6 3. e3 c5 4. c3 Nc6 5. Bd3 Nf6 6. Nbd2 b6 7. O-O Bb7 8. Re1
Be7 9. dxc5 Bxc5 10. Qc2 O-O 11. e4 dxe4 12. Nxe4 Nxe4 13. Bxe4 h6 14. Be3 Qe7
15. Rad1 Rac8 16. Nd4 Nxd4 17. Bxd4 Bxd4 18. Rxd4 Bxe4 19. Qxe4 Rfd8 20. Red1
a5 21. Qd3 Rxd4 22. Qxd4 Rb8 23. Kf1 Kf8 24. Ke2 e5 25. Qd3 g6 26. Qd2 Kg7 27.
Qd6 Qe8 28. Rd5 f6 29. Qc7+ Kh8 30. Rd7 Qg8 31. Rf7 Rc8 32. Qe7 Rc6 33. Rf8 1-0

[Event "Michigan Open Reserve"]
[Site "Lansing, MI"]
[Date "2001.09.03"]
[Round "6.10"]
[White "Lynem, Charles"]
[Black "Aldrich, Justin"]
[Result "1-0"]
[WhiteElo "1585"]
[BlackElo "1525"]
[PlyCount "73"]
[EventDate "2001.08.31"]

1. d4 d5 2. Nf3 Nf6 3. e3 c6 4. Bd3 Nbd7 5. Nbd2 e6 6. b3 Bb4 7. O-O O-O 8. Bb2
Re8 9. Ne5 c5 10. f4 cxd4 11. Bxd4 Qa5 12. Ndf3 h6 13. h3 Nc5 14. g4 Nce4 15.
g5 Nd7 16. gxh6 g6 17. Bxe4 dxe4 18. Ng5 f6 19. h7+ Kg7 20. Nxd7 Bxd7 21. Bxf6+
Kxf6 22. Qxd7 Re7 23. Nxe4+ Kf5 24. Qd3 Rd8 25. Ng3+ Kf6 26. h8=Q+ Rxh8 27.
Qd4+ e5 28. fxe5+ Kg7 29. e6+ Kh7 30. Rad1 Qg5 31. Kh2 Bc5 32. Ne4 Qxe3 33.
Nxc5 Qe2+ 34. Rf2 Qh5 35. Ne4 Rxe6 36. Rf7+ Kg8 37. Qg7# 1-0

[Event "Michigan Open"]
[Site "Lansing, MI"]
[Date "2001.09.03"]
[Round "7.14"]
[White "Loo, James"]
[Black "Garrison, Ray"]
[Result "1-0"]
[WhiteElo "1568"]
[BlackElo "1887"]
[PlyCount "110"]
[EventDate "2001.08.31"]

1. c4 f5 2. Nc3 Nf6 3. d4 g6 4. Nf3 Bg7 5. Bf4 O-O 6. Qd2 Re8 7. Bh6 Bh8 8. h3
Nc6 9. e3 d6 10. Be2 a6 11. Ng5 e5 12. d5 Ne7 13. f3 e4 14. fxe4 fxe4 15. g4 c6
16. Rf1 cxd5 17. cxd5 Qa5 18. O-O-O Bd7 19. Kb1 Ba4 20. Ngxe4 Bxd1 21. Nxf6+
Bxf6 22. Rxf6 Nxd5 23. Bc4 Re5 24. Bxd5+ Rxd5 25. Qxd5+ Qxd5 26. Nxd5 Re8 27.
Kc1 Be2 28. Kd2 Bc4 29. Nc3 Bf7 30. Rxd6 Bc4 31. b3 Be6 32. Na4 Kf7 33. Bg5 Bc8
34. Rd8 Rxd8+ 35. Bxd8 h5 36. gxh5 Bxh3 37. hxg6+ Kxg6 38. e4 Kf7 39. Nc5 Bc8
40. Ke3 Ke8 41. Bc7 Ke7 42. Kf4 Kf6 43. Bd8+ Kf7 44. Ke5 Ke8 45. Bg5 a5 46. Kd6
b6 47. Na4 b5 48. Nc5 Bg4 49. Bd2 a4 50. bxa4 bxa4 51. Nxa4 Bd1 52. Nc5 Kd8 53.
a4 Kc8 54. a5 Kb8 55. e5 Ka7 1-0

[Event "Michigan Open"]
[Site "Lansing, MI"]
[Date "2001.09.03"]
[Round "6.3"]
[White "Levi, Ariel"]
[Black "Gabbara, Faris"]
[Result "1-0"]
[WhiteElo "2080"]
[BlackElo "2053"]
[PlyCount "70"]
[EventDate "2001.08.31"]

1. c4 g6 2. g3 Bg7 3. Bg2 c6 4. Nc3 Nf6 5. e4 e5 6. Nf3 d6 7. d4 exd4 8. Nxd4
O-O 9. O-O Re8 10. h3 Na6 11. Be3 Nc5 12. Qc2 Qe7 13. Rfe1 a5 14. Rad1 Ne6 15.
Nde2 Nc5 16. Bf4 Rd8 17. Rd2 Be6 18. Red1 Ne8 19. b3 Rd7 20. Be3 Rad8 21. Nf4
Nc7 22. Bd4 Bh6 23. Be3 Bg7 24. Bd4 Bh6 25. Be3 Bg7 26. Nxe6 N7xe6 27. f4 Bh6
28. h4 Ng7 29. Bf2 f6 30. Re2 Qf7 31. e5 Na6 32. Bb6 Nb4 33. Qb2 Ra8 34. Ne4
fxe5 35. fxe5 Ne8 1-0

[Event "Michigan Open"]
[Site "Lansing, MI"]
[Date "2001.09.03"]
[Round "7.1"]
[White "Levi, Ariel"]
[Black "Finegold, Ben"]
[Result "0-1"]
[WhiteElo "2080"]
[BlackElo "2635"]
[PlyCount "110"]
[EventDate "2001.08.31"]

1. c4 c6 2. g3 d5 3. Bg2 Nf6 4. Nf3 g6 5. b3 Bg7 6. Bb2 O-O 7. O-O Bg4 8. d4
Bxf3 9. Bxf3 e6 10. Nd2 Nbd7 11. e4 dxe4 12. Nxe4 Nxe4 13. Bxe4 Qb6 14. Qc2
Rad8 15. Rad1 Nf6 16. Bg2 Rd7 17. Bc3 Rfd8 18. Qd2 Qc7 19. Qb2 Ne8 20. Rd3 e5
21. d5 f5 22. Re3 e4 23. Bxg7 Nxg7 24. Rc1 h5 25. Ree1 cxd5 26. cxd5 Qa5 27.
Bf1 Kh7 28. Bc4 b5 29. b4 Qa4 30. Bb3 Qxb4 31. Re2 Qe7 32. Rc6 Rd6 33. Rec2 e3
34. Re2 f4 35. gxf4 exf2+ 36. Kxf2 Qh4+ 37. Kg1 Qxf4 38. Rf2 Qe3 39. Rc7 R8d7
40. Rc8 a5 41. Kg2 Qg5+ 42. Kf1 Rxd5 43. Bxd5 Qxd5 44. Rc1 Qh1+ 45. Ke2 Qe4+
46. Kf1 Qh1+ 47. Ke2 Re7+ 48. Kd2 Qd5+ 49. Kc2 Qe4+ 50. Kb3 Qa4+ 51. Kc3 Rd7
52. Qb3 Qd4+ 53. Kc2 Qxf2+ 54. Kb1 Rd4 55. Ka1 Qd2 0-1

[Event "Michigan Open Reserve"]
[Site "Lansing, MI"]
[Date "2001.09.03"]
[Round "5.1"]
[White "LeMaster, Terry"]
[Black "West, Tony"]
[Result "0-1"]
[WhiteElo "1738"]
[BlackElo "1734"]
[PlyCount "57"]
[EventDate "2001.08.31"]

1. e4 c5 2. Nf3 Nc6 3. d4 cxd4 4. Nxd4 Nf6 5. Nc3 e5 6. Nb3 Bb4 7. Bd3 d5 8.
exd5 Nxd5 9. Bd2 Nxc3 10. bxc3 Be7 11. O-O O-O 12. Qh5 g6 13. Qe2 Be6 14. Rfd1
Bg5 15. Nc5 Bc8 16. Be4 Bxd2 17. Rxd2 Qe7 18. Qb5 Qc7 19. Rad1 a6 20. Qe2 Nb8
21. Qe3 Kg7 22. Rb1 Nc6 23. Rbd1 Na5 24. Bd5 Rb8 25. Be6 Kg8 26. Bxc8 Rbxc8 27.
Rd7 Qxc5 28. Qh6 Qb6 29. h3 0-1

[Event "Michigan Open Reserve"]
[Site "Lansing, MI"]
[Date "2001.09.03"]
[Round "7.2"]
[White "Laurin, Edward"]
[Black "Biondo, Anthony"]
[Result "1/2-1/2"]
[WhiteElo "1551"]
[BlackElo "1672"]
[PlyCount "67"]
[EventDate "2001.08.31"]

1. e4 c5 2. Nf3 Nc6 3. d4 cxd4 4. Nxd4 g6 5. Bc4 Bg7 6. Be3 Nf6 7. Nd2 Qa5 8.
c3 O-O 9. O-O d6 10. N2b3 Qc7 11. f3 a6 12. Qd2 Nxd4 13. Qxd4 Ng4 14. Qb6 Qxc4
15. Nd2 Qc6 16. Qxc6 bxc6 17. fxg4 Bxg4 18. h3 Be6 19. Nf3 Rab8 20. Rf2 Rb7 21.
Nd4 c5 22. Nxe6 fxe6 23. Raf1 Rfb8 24. Bg5 Rxb2 25. Bxe7 Rxf2 26. Rxf2 Rb1+ 27.
Kh2 Be5+ 28. g3 Rc1 29. Rf8+ Kg7 30. Rd8 Rc2+ 31. Kh1 Rd2 32. Rd7 Kg8 33. Bg5
Rxa2 34. Rd8+ 1/2-1/2

[Event "Michigan Open Reserve"]
[Site "Lansing, MI"]
[Date "2001.09.03"]
[Round "6.11"]
[White "Kieliszewski, Greg"]
[Black "Sundeen, David"]
[Result "1-0"]
[WhiteElo "1394"]
[BlackElo "1612"]
[PlyCount "59"]
[EventDate "2001.08.31"]

1. e4 Nc6 2. Nf3 d5 3. exd5 Qxd5 4. Nc3 Qa5 5. Be2 e5 6. O-O Nf6 7. d3 Bb4 8.
Bd2 Bg4 9. a3 Bxc3 10. Bxc3 Qd5 11. Re1 O-O-O 12. Nxe5 Nxe5 13. Bxe5 Bxe2 14.
Rxe2 Rde8 15. Bc3 Ng4 16. Rxe8+ Rxe8 17. Qxg4+ f5 18. Qh5 Qe6 19. Qd1 g5 20.
Qe1 Qc6 21. Qd2 h6 22. Re1 f4 23. Rxe8+ Qxe8 24. Qe1 Qd7 25. Qe2 Qf7 26. h3 h5
27. Qe5 b6 28. Qxg5 f3 29. Qf6 Qd5 30. Qxf3 1-0

[Event "Michigan Open"]
[Site "Lansing, MI"]
[Date "2001.09.03"]
[Round "6.2"]
[White "Jarosz, Stan"]
[Black "Ward, Tom"]
[Result "0-1"]
[WhiteElo "2039"]
[BlackElo "2210"]
[PlyCount "70"]
[EventDate "2001.08.31"]

1. d4 Nf6 2. c4 e6 3. Nf3 Bb4+ 4. Bd2 Qe7 5. g3 Bxd2+ 6. Qxd2 O-O 7. Bg2 d6 8.
O-O e5 9. Nc3 Nc6 10. e3 Bg4 11. Rac1 h6 12. b3 e4 13. Ne1 Rfe8 14. Nc2 Qd7 15.
Nd5 Nh7 16. f3 exf3 17. Bxf3 Bxf3 18. Rxf3 Ng5 19. Rff1 Ne7 20. Nxe7+ Rxe7 21.
Qg2 c6 22. d5 c5 23. h4 Ne4 24. Rf4 Rae8 25. Rcf1 b5 26. cxb5 Qxb5 27. Na3 Qd3
28. Nc4 Qxd5 29. Qf3 Rd8 30. Rd1 Qe6 31. Rf5 Nxg3 32. Rfd5 Ne4 33. Qf4 Nc3 34.
Qf3 Nxd5 35. Rxd5 Qg6+ 0-1

[Event "Michigan Open Reserve"]
[Site "Lansing, MI"]
[Date "2001.09.03"]
[Round "7.20"]
[White "Imai, Toshio"]
[Black "Guilfoyle, Jeff"]
[Result "1/2-1/2"]
[WhiteElo "1400"]
[BlackElo "1402"]
[PlyCount "25"]
[EventDate "2001.08.31"]

1. e4 c5 2. d4 cxd4 3. c3 dxc3 4. Nf3 d6 5. Nxc3 Nf6 6. e5 Ng4 7. Bc4 Qb6 8.
O-O Nxe5 9. Nxe5 dxe5 10. Be3 Qc7 11. Qb3 e6 12. Nb5 Qe7 13. Rad1 1/2-1/2

[Event "Michigan Open Reserve"]
[Site "Lansing, MI"]
[Date "2001.09.03"]
[Round "7.16"]
[White "Homa, Seth"]
[Black "Hazzard, Bill"]
[Result "0-1"]
[WhiteElo "1551"]
[BlackElo "1520"]
[PlyCount "142"]
[EventDate "2001.08.31"]

1. e4 c5 2. Nf3 d6 3. d4 cxd4 4. Nxd4 Nf6 5. Nc3 a6 6. h3 h6 7. g4 Nc6 8. Be3
e5 9. Nf5 Bxf5 10. gxf5 Qa5 11. Qd2 b5 12. Bg2 Rc8 13. O-O Be7 14. a3 Qc7 15.
f4 Bf8 16. Nd5 Nxd5 17. exd5 Na5 18. b3 Nb7 19. Rac1 Be7 20. b4 Bf6 21. fxe5
Bxe5 22. c3 Nd8 23. Rfe1 f6 24. Bd4 Nf7 25. Qe2 O-O 26. Qg4 Qd7 27. h4 Rc4 28.
Bf1 Rcc8 29. Be2 Rfe8 30. Kh1 Qb7 31. Bf3 Re7 32. Qg1 Rec7 33. Qf1 Rc4 34. Qg1
Qc7 35. Rcd1 Qd7 36. Qg4 Bxd4 37. cxd4 Rc3 38. Ra1 R8c4 39. Qe4 Ne5 40. Re3
Rxe3 41. Qxe3 Qxf5 42. dxe5 Rxh4+ 43. Kg1 fxe5 44. Bg2 Rg4 45. Rf1 Qg6 46. Rf2
h5 47. Kf1 Qb1+ 48. Qe1 Qxe1+ 49. Kxe1 Rg3 50. Bf3 h4 51. Ke2 g5 52. Rg2 Rxg2+
53. Bxg2 g4 54. Ke3 Kg7 55. Be4 Kf6 56. Kf2 Kg5 57. Ke3 h3 58. Bh1 Kh4 59. Ke4
Kg3 60. Kf5 Kh4 61. Ke6 g3 62. Kxd6 g2 63. Bxg2 hxg2 64. Kxe5 g1=Q 65. d6 Qg5+
66. Ke6 Qd8 67. d7 Kg5 68. Kd6 Kf6 69. Kc6 Ke6 70. Kb7 Kxd7 71. Kxa6 Kc6 0-1